| 000 -LEADER |
| fixed length control field |
01469nam a22002297a 4500 |
| 005 - DATE AND TIME OF LATEST TRANSACTION |
| control field |
20220624095000.0 |
| 008 - FIXED-LENGTH DATA ELEMENTS--GENERAL INFORMATION |
| fixed length control field |
210420s2021 ge ||||| |||| 00| 0 rus d |
| 041 ## - LANGUAGE CODE |
| Language code of text/sound track or separate title |
rus |
| 080 ## - UNIVERSAL DECIMAL CLASSIFICATION NUMBER |
| Universal Decimal Classification number |
821 Д-82 |
| 100 ## - MAIN ENTRY--PERSONAL NAME |
| Personal name |
Думбадзе, Анастасия |
| 9 (RLIN) |
11455 |
| 245 ## - TITLE STATEMENT |
| Title |
Лингвокультурологические проблемы перевода и способы их преодоления (на примере русского, украинского и грузинского языков) / |
| Statement of responsibility, etc. |
Анастасия Думбадзе; Научный руководитель Нино Арошидзе; Батумский гос. университет Шота Руставели. |
| 264 ## - PRODUCTION, PUBLICATION, DISTRIBUTION, MANUFACTURE, AND COPYRIGHT NOTICE |
| Place of production, publication, distribution, manufacture |
Батуми, |
| Date of production, publication, distribution, manufacture, or copyright notice |
2021. |
| 300 ## - PHYSICAL DESCRIPTION |
| Extent |
164 стр. |
| Other physical details |
30 см. |
| 653 ## - INDEX TERM--UNCONTROLLED |
| keyword |
Лингвокультурологические проблемы перевода и способы их преодоления (на примере русского, украинского и грузинского языков) |
| 653 ## - INDEX TERM--UNCONTROLLED |
| keyword |
ლინგვისტიკა |
| 653 ## - INDEX TERM--UNCONTROLLED |
| keyword |
Лингвистика |
| 653 ## - INDEX TERM--UNCONTROLLED |
| keyword |
Диссертация |
| 653 ## - INDEX TERM--UNCONTROLLED |
| keyword |
დისერტაცია |
| 700 ## - ADDED ENTRY--PERSONAL NAME |
| Personal name |
Арошидзе, Нино |
| Relator term |
Научный руководитель |
| 9 (RLIN) |
11456 |
| 710 ## - ADDED ENTRY--CORPORATE NAME |
| Corporate name or jurisdiction name as entry element |
Батумский гос. университет Шота Руставели |
| Date of meeting or treaty signing |
Факультет гуманитарных наук. Лингвистика |
| 9 (RLIN) |
11457 |
| 942 ## - ADDED ENTRY ELEMENTS (KOHA) |
| Source of classification or shelving scheme |
|
| Koha item type |
დისერტაცია |